| 000 | 00822nam0a22002651 4500 | ||
|---|---|---|---|
| 001 | rc\2329672 | ||
| 005 | 20250623050306.0 | ||
| 035 | _a(NLR Aleph) 006582300 | ||
| 090 |
_a7058456 _c7058456 |
||
| 100 | _a20110829d1977 |||y0rusy50 ca | ||
| 101 | 1 |
_arus _clav |
|
| 102 | _aRU | ||
| 105 | _ay z |||a| | ||
| 200 | 1 |
_aЖернова _e[Стихи] _eПер. с латыш. _fЯнис Петерс |
|
| 210 |
_aМосква _cМол. гвардия _d1977 |
||
| 215 |
_a32 с. _d16 |
||
| 225 | 1 | _aМолодые голоса | |
| 700 | 1 |
_7ca _8rus _aПетерс _bЯ. Я. _f1939- _gЯнис Янович _9259742 _3RU\NLR\AUTH\770259798 |
|
| 801 | 0 |
_aRU _bNLR _gpsbo |
|
| 801 | 1 |
_aRU _bELAR _2rusmarc |
|
| 852 |
_aNLR _j77-2/1646 |
||
| 899 |
_aRuMoRGB _jБ 76-43/1372 |
||
| 899 |
_aRuMoRGB _jБ 76-43/1373 |
||
| 942 | _cBOOK | ||
| 980 | _aNB | ||